| 000 | 00421nam a22001577a 4500 | ||
|---|---|---|---|
| 005 | 20240108111438.0 | ||
| 008 | 190404b xxu||||| |||| 00| 0 eng d | ||
| 020 | _a978-81-85790-40-4 | ||
| 041 | _aeng | ||
| 100 |
_aGOKHALE,S.B. ,KOKTE,DR. C.K. AND BIDARKAR,DR. D.S _98280 |
||
| 245 | _aTEXTBOOK OF PHARMACEUTICAL BIOLOGY | ||
| 250 | _a9th ED, 2018 | ||
| 260 |
_aPUNE _bNIRALI PRAKASHAN |
||
| 300 | _a198p, | ||
| 942 | _cBK | ||
| 999 |
_c5801 _d5799 |
||